书目信息 |
| 书名: | Neurosurgery | |
| 作者: | ||
| 分册号: | ||
| 分册名: | 出版地: | Baltimore, Md. : |
|
| 出版社: | Williams & Wilkins Co | |
| 出版时间: | ||
| 页数: | 793 p. : | |
| 开本: | 28 cm. | |
| 丛书名: | ||
| 中图分类号: | ||
| 科图分类号: | ||
| 其他分类号: | R651 | |
| 主题词: | ||
| 电子资源: | ||
| 000 | 01009nam 2200349 a 4500 | |
| 001 | E0740227364 | |
| 004 | 000766389 | |
| 004 | 000766389 | |
| 004 | 000766389 | |
| 004 | 000766389 | |
| 005 | 20070811112156.65 | |
| 008 | 4001uueng0000000 | |
| 008 | 4001uueng0000000 | |
| 008 | uu | |
| 008 | 4001uueng0000000 | |
| 022 | 0 | @a0148-396X. |
| 092 | @b644B0125 | |
| 096 | @aR651 @v3 | |
| 099 | @dR651@ex87:2003(53/1-3) | |
| 210 | 0 | @aNeurosurgery |
| 222 | 0 | @aNeurosurgery |
| 245 | 00 | @aNeurosurgery.@n2003.@n53.@n1-3 |
| 260 | @aBaltimore, Md. :@bWilliams & Wilkins Co. | |
| 300 | @a793 p. :@bill. ;@c28 cm. | |
| 321 | @aBimonthly, @bJuly/Aug. 1977- | |
| 362 | 0 | @av. 1- July/Aug. 1977- |
| 500 | @a"Official journal of the Congress of Neurological Surgeons." | |
| 510 | 2 | @aLife sciences collection |
| 510 | 1 | @aExcerpta medica |
| 650 | 0 | @aNervous system @xSurgery @xPeriodicals. |
| 650 | 2 | @aNeurosurgery @xperiodicals |
| 710 | 2 | @aCongress of Neurological Surgeons. |
| Neurosurgery.. 2003.. 53.. 1-3.-Baltimore, Md. : : Williams & Wilkins Co. |
| 793 p. : : ill. ; ; 28 cm. |
| "Official journal of the Congress of Neurological Surgeons." .-Life sciences collection .-Excerpta medica |
| ISBN |
| ● |
| 相关链接 |
|
|
|
|
正题名:Neurosurgery
索取号:R651/x87:2003(53/1-3)
 
预约/预借
| 序号 | 登录号 | 条形码 | 馆藏地/架位号 | 状态 | 备注 |
| 1 | 0015476 | 300154767 | 密集书库/ [索取号:R651/x87:2003(53/1-3)] | 在馆 |